000 00260nam a22001097a 4500
082 _a294
100 _aGeeta Anand Kumar
_979964
245 _aHindu : Fasts & festivals
260 _aDelhi
_bSahitya surbhi
_c2019
650 _aHindu Religion
_9350
942 _cBK
999 _c63496
_d63496